Största städerna på M i Nordamerika, enligt bild - Statistics

General Stats
  • This quiz has been taken 3 times
  • The average score is 9 of 20
Answer Stats
Picture Hint Answer % Correct
🇳🇮 1 050 000 Managua
100%
🇲🇽 8 840 000 Mexico City
100%
🇺🇸 450 000 Miami
100%
🇲🇽 510 000 {Matamoros} (Heroica {Matamoros})
67%
🇺🇸 620 000 Memphis
67%
🇲🇽 850 000 Mexicali
67%
🇺🇸 430 000 Minneapolis
67%
🇲🇽 1 140 000 Monterrey
67%
🇨🇦 3 680 000 Montréal
67%
🇺🇸 270 000 Madison
33%
🇲🇽 440 000 Mazatlán
33%
🇲🇽 920 000 Mérida
33%
🇺🇸 510 000 Mesa
33%
🇺🇸 560 000 Milwaukee
33%
🇺🇸 220 000 Modesto
33%
🇺🇸 210 000 {Moreno} Valley
33%
🇺🇸 210 000 McKinney
0%
🇬🇹 460 000 Mixco
0%
🇲🇽 240 000 {Monclova} (Santiago de la {Monclova})
0%
🇲🇽 740 000 Morelia
0%
No matching quizzes found
Score Distribution
Percent of People with Each Score
Percentile by Number Answered
Your Score History
You have not taken this quiz